| 000 | 01318nam a2200229 i 4500 | ||
|---|---|---|---|
| 001 | BPP | ||
| 003 | BPK | ||
| 005 | 20171115103844.0 | ||
| 008 | 140424s1987 pl f |000 0 pol | ||
| 040 | _cBPK | ||
| 080 | _a621.921 | ||
| 100 |
_aWOŹNIAK, Kazimierz. _d1980 - 1989. _bWyższa Szkoła Inżynierska w Koszalinie - Wydział Mechaniczny, _cZakład Materiałoznawstwa i Obróbki Cieplnej |
||
| 245 |
_aBadania żużla wielkopiecowego wolnostudzonego w aspekcie jego wykorzystania jako materiału ściernego / _cKazimierz Woźniak, Daniela Herman, Jerzy Darkowicz. |
||
| 260 |
_aKoszalin, _c1987. |
||
| 500 | _aDane z autopsji. | ||
| 520 | _aPrzedmiotem pracy były badania właściwości fizyko-mechaniczne trzech odmian żużla wielkopiecowego z Huty "Szczecin" i odniesienie ich do żużli pomiedziowych oraz wykonanie rozeznania w zakresie możliwości wykorzystania w obróbce ściernej żużla wielkopiecowego. | ||
| 650 | _aŻużel wielkopiecowy. | ||
| 650 | 0 | _aMateriały ścierne. | |
| 700 |
_aDARKOWICZ, Jerzy. _bWyższa Szkoła Inżynierska - Wydział Mechaniczny, _cZakład Elektrotechniki i Elektrochemii |
||
| 700 |
_aHERMAN, Daniela. _d1974 - 1996. _bWyższa Szkoła Inżynierska w Koszalinie - Wydział Mechaniczny, _cZakład Elektrotechniki i Elektrochemii |
||
| 942 |
_cMN _2UKD |
||
| 999 |
_c1990 _d1990 |
||